Central Library OPAC University of Rajshahi

Thomas Woodrow Wilson, twenty-eighth President of the United States : (Record no. 24128)

MARC details
000 -LEADER
fixed length control field 00846cam a2200253 4500
001 - CONTROL NUMBER
control field 24128
003 - CONTROL NUMBER IDENTIFIER
rucl marc code BD-RjUL
005 - DATE AND TIME OF LATEST TRANSACTION
control field 20211209001019.0
008 - FIXED-LENGTH DATA ELEMENTS--GENERAL INFORMATION
fixed length control field 140312t19671966mauc 000 0beng
035 ## - SYSTEM CONTROL NUMBER
System control number (BD-RjUL)24194
System control number 4532700
040 ## - CATALOGING SOURCE
Original cataloging agency DLC
Transcribing agency DLC
Modifying agency BD-RjUL
Language of cataloging eng
041 ## - LANGUAGE CODE
Language code of text/sound track or separate title eng
082 00 - DEWEY DECIMAL CLASSIFICATION NUMBER
Classification number 973.91309
Author mark and year FRT 1966
100 1# - MAIN ENTRY--PERSONAL NAME
Personal name Freud, Sigmund,
Dates associated with a name 1856-1939.
9 (RLIN) 74333
245 10 - TITLE STATEMENT
Title Thomas Woodrow Wilson, twenty-eighth President of the United States :
Remainder of title a psychological study /
Statement of responsibility, etc. by Sigmund Freud and William C. Bullitt.
260 ## - PUBLICATION, DISTRIBUTION, ETC. (IMPRINT)
Place of publication, distribution, etc. Boston :
Name of publisher, distributor, etc. Houghton Mifflin,
Date of publication, distribution, etc. c1966.
300 ## - PHYSICAL DESCRIPTION
Pagination xxii, 307 p. :
Illustrations port. ;
Size 24 cm.
600 10 - SUBJECT ADDED ENTRY--PERSONAL NAME
Personal name Wilson, Woodrow,
Dates associated with a name 1856-1924
General subdivision Psychology.
700 1# - ADDED ENTRY--PERSONAL NAME
Personal name Bullitt, William C.
Fuller form of name (William Christian),
Dates associated with a name 1891-1967.
942 ## - ADDED ENTRY ELEMENTS (KOHA)
Source of classification or shelving scheme Dewey Decimal Classification
Koha item type Books
Holdings
Lost status Source of classification or shelving scheme Damaged status Not for loan Collection code Permanent Location Current Location Shelving location Date acquired Source of acquisition Cost, normal purchase price Total Checkouts Full call number Date last seen Copy number Koha item type
  Dewey Decimal Classification     Non-fiction Central Library, University of Rajshahi Central Library, University of Rajshahi   16/01/1975 Mokurrnm Pul 0.00   973.91309 FRT 1966 12/03/2014 C-2 Books
  Dewey Decimal Classification   Added to bundle Non-fiction Central Library, University of Rajshahi Central Library, University of Rajshahi Reading Room 27/03/1969 Gift     973.91309 FRT 1966 12/03/2014 C-1 Books